[Event "Vezerkepzo GM March 2022"]
[Site "Budapest"]
[Date "2022.03.24"]
[Round "7.3"]
[White "Seres, Lajos"]
[Black "Vantika Agrawal"]
[Result "1/2-1/2"]
[WhiteElo "2387"]
[BlackElo "2381"]
[Annotator "ChessBase"]
[PlyCount "42"]
[EventDate "2022.03.17"]
[EventType "tourn"]
[EventCountry "HUN"]
[SourceTitle "playchess.com"]
[Source "ChessBase"]
[SourceQuality "1"]
[TimeControl "40/5400+30:1800+30"]

1. d4 {[%emt 0:00:05]} Nf6 {[%emt 0:00:53]} 2. Nf3 {[%emt 0:00:06]} g6 {[%emt 0:00:14]} 3. c4 {[%emt 0:00:08]} Bg7 {[%emt 0:00:09]} 4. g3 {[%emt 0:00:03]} O-O {[%emt 0:00:25]} 5. Bg2 {[%emt 0:00:04]} d6 {[%emt 0:00:14]} 6. Nc3 {[%emt 0:00:06]} c6 {[%emt 0:00:26]} 7. O-O {[%emt 0:00:06]} Bf5 {[%emt 0:00:53]} 8. b3 {[%emt 0:00:10]} Ne4 {[%emt 0:00:48]} 9. Bb2 {[%emt 0:00:05]} Nxc3 {[%emt 0:00:19]} 10. Bxc3 {[%emt 0:00:05]} Be4 {[%emt 0:00:18]} 11. Qd2 {[%emt 0:00:19]} Nd7 {[%emt 0:07:00]} 12. Rac1 {[%emt 0:00:23]} a5 {[%emt 0:12:44]} 13. Qf4 {[%emt 0:08:30]} d5 {[%emt 0:15:31]} 14. cxd5 {[%emt 0:18:01]} cxd5 {[%emt 0:00:24]} 15. Bh3 {[%emt 0:01:17]} Bxf3 {[%emt 0:03:17]} 16. Qxf3 {[%emt 0:00:06]} e6 {[%emt 0:02:13]} 17. Qd3 {[%emt 0:10:04]} Qb6 {[%emt 0:02:46]} 18. e3 {[%emt 0:00:45]} a4 {[%emt 0:07:48]} 19. Rb1 {[%emt 0:02:41]} axb3 {[%emt 0:05:06]} 20. Rxb3 {[%emt 0:00:06]} Qc6 {[%emt 0:04:53]} 21. Qb1 {[%emt 0:01:13]} b6 {[%emt 0:10:54]} 1/2-1/2

[Event "Vezerkepzo GM March 2022"]
[Site "Budapest"]
[Date "2022.03.24"]
[Round "7.4"]
[White "Kulkarni Bhakti"]
[Black "Prraneeth Vuppala"]
[Result "1-0"]
[WhiteElo "2388"]
[BlackElo "2400"]
[Annotator "NA"]
[PlyCount "57"]
[EventDate "2022.03.17"]
[EventType "tourn"]
[EventCountry "HUN"]
[SourceTitle "playchess.com"]
[Source "ChessBase"]
[SourceQuality "1"]
[TimeControl "40/5400+30:1800+30"]

1. e4 {[%emt 0:06:01]} c5 {[%emt 0:00:14]} 2. Nc3 {[%emt 0:00:42]} d6 {[%emt 0:01:14]} 3. d4 {[%emt 0:03:24]} cxd4 {[%emt 0:00:40]} 4. Qxd4 {[%emt 0:00:04]} Nc6 {[%emt 0:00:07]} 5. Qd2 {[%emt 0:00:04]} g6 {[%emt 0:00:08]} 6. b3 {[%emt 0:00:15]} Bh6 {[%emt 0:04:24]} 7. f4 {[%emt 0:00:06]} Nf6 {[%emt 0:00:12]} 8. Bb2 {[%emt 0:00:21]} O-O {[%emt 0:00:46]} 9. O-O-O {[%emt 0:01:20]} e5 {[%emt 0:01:09]} (9... a5 $142) 10. g3 {[%emt 0:00:17]} exf4 {[%emt 0:16:05]} (10... a5 $11) 11. gxf4 {[%emt 0:02:21]} Re8 {[%emt 0:04:16]} 12. Bg2 {[%emt 0:09:26]} Bg4 {[%emt 0:00:53]} 13. Rf1 {[%emt 0:10:22]} Bg7 {[%emt 0:33:03]} 14. h3 $11 {[%emt 0:03:26]} Bh5 {[%emt 0:00:54]} 15. Nge2 {[%emt 0:10:52]} (15. Re1 $11) 15... Bxe2 {[%emt 0:13:34]} 16. Qxe2 {[%emt 0:02:12]} Nxe4 {[%emt 0:05:10]} 17. Nxe4 {[%emt 0:08:59]} d5 {[%emt 0:00:35]} 18. Rd1 {[%emt 0:02:05]} Qa5 {[%emt 0:02:47]} 19. a3 {[%emt 0:20:16]} dxe4 {[%emt 0:02:07]} 20. Bxe4 {[%emt 0:00:04]} Rad8 {[%emt 0:09:33]} 21. Qc4 {[%emt 0:03:26]} Nd4 {[%emt 0:02:35]} 22. Bxb7 {[%emt 0:00:48]} Ne2+ {[%emt 0:00:30]} 23. Kb1 {[%emt 0:00:01]} Bxb2 {[%emt 0:00:27]} 24. Kxb2 {[%emt 0:00:57]} Rxd1 {[%emt 0:00:31]} 25. Rxd1 {[%emt 0:00:03]} Qf5 {[%emt 0:00:13]} 26. Re1 {[%emt 0:02:58]} Qf6+ {[%emt 0:00:31]} 27. c3 {[%emt 0:00:06]} Rb8 {[%emt 0:00:43]} 28. Rxe2 {[%emt 0:00:29]} Rxb7 {[%emt 0:00:15]} 29. Qc8+ {[%emt 0:00:04]} 1-0

[Event "Vezerkepzo GM March 2022"]
[Site "Budapest"]
[Date "2022.03.24"]
[Round "7.5"]
[White "Rathanvel, V S"]
[Black "Pranav Anand"]
[Result "0-1"]
[WhiteElo "2477"]
[BlackElo "2436"]
[Annotator "TA"]
[PlyCount "66"]
[EventDate "2022.03.17"]
[EventType "tourn"]
[EventCountry "HUN"]
[SourceTitle "playchess.com"]
[Source "ChessBase"]
[SourceQuality "1"]

{[%evp 10,66,15,15,10,0,0,0,0,8,2,0,3,8,37,0,0,-27,-22,-29,-18,-57,-15,-37,-6,-15,-1,11,22,23,19,0,0,0,0,0,0,0,0,0,0,0,0,-78,-67,-122,-135,-175,-192,-275,-265,-249,-224,-1597,-1558,-1540,-1508,-29998,-29999]} 1. e4 e5 2. Nf3 Nc6 3. Bb5 a6 4. Ba4 Nf6 5. d3 Bc5 6. c3 d6 {C77: Ruy Lopez: 3...a6 4 Ba4 Nf6, unusual lines.} 7. Bg5 Ba7 8. Nbd2 h6 {The position is equal.} 9. Bh4 g5 10. Bg3 O-O 11. O-O Bg4 {[#]} 12. Bxc6 $146 (12. h3 {seems wilder.} Bh5 13. Re1 b5 14. Bb3 Kg7 15. Nf1) ({Predecessor:} 12. Re1 h5 13. h3 h4 14. Bh2 Bh5 15. Bxc6 bxc6 16. Qa4 Bxf3 17. Nxf3 g4 18. Nxh4 {1-0 (33) Malhotra,T (1946)-Evans,N (1732) Maribor 2012}) 12... bxc6 13. Qa4 Bd7 14. Nc4 Nh5 15. Ne3 Ng7 (15... Bxe3 $15 {is superior.} 16. fxe3 c5) 16. d4 c5 17. Qd1 cxd4 18. cxd4 {[%cal Bc3d4,Bd4e5][%mdl 32]} g4 {[#]} 19. Bh4 $1 f6 {[#]} 20. dxe5 $1 gxf3 21. exf6 {[%cal Of6f7] f7+! is the strong threat.} fxg2 22. Nxg2 Qe8 {And now ...Nh5 would win.} 23. fxg7 Rf7 $36 {[%mdl 2048] Black is more active.} 24. Qc2 (24. Qb3 Qxe4 25. Rfe1 Qa4 26. Qxa4 (26. Qd5 $2 Bc6 $19) 26... Bxa4 $17) 24... Rxg7 25. Bg3 (25. Bf6 $2 Rxg2+ $1 {[%mdl 512]} 26. Kxg2 Qg6+ 27. Kh1 Qxf6 $17) 25... Bh3 26. Nf4 (26. Kh1 $11) 26... Bxf1 $17 {Really sharp! Black is more active.} 27. Rxf1 {[#]} (27. Kxf1 $15 Qf7 28. Qe2) 27... Qf7 $1 {[%csl LRa2,LRf4]} 28. Qd1 Rb8 {Hoping for ...Qxf4.} (28... Qxa2 29. b3 Rf8 30. Kh1 $17) 29. Kh1 (29. Qd2 $142) 29... Rxb2 $19 {[%cal Oa7f2] White must now prevent ...Bxf2!} 30. e5 Bxf2 (30... Rxa2 31. e6 Qf5 32. Re1 $11) ({Inferior is} 30... dxe5 31. Qd8+ Kh7 32. Qd3+ Kh8 33. Ng6+ Qxg6 34. Qxg6 Rxg6 35. Bxe5+ Kg8 36. Bxb2 $15) ({And not} 30... Qxa2 31. Nh5 Rg6 32. Nf4 $15) 31. Nh3 $2 {[#]} (31. Nh5 Rg6 32. Bxf2 Rxf2 33. Nf6+ Rgxf6 34. exf6 Rxf1+ 35. Qxf1) 31... Rb1 $3 {[%mdl 512]} 32. e6 Qxe6 {( -> ...Qe4+)} 33. Qxb1 Qd5+ {Weighted Error Value: White=0.63/Black=0.05 (flawless)} 0-1

[Event "Vezerkepzo GM March 2022"]
[Site "Budapest"]
[Date "2022.03.25"]
[Round "8.1"]
[White "Ilincic, Zlatko"]
[Black "Pranav Anand"]
[Result "0-1"]
[WhiteElo "2331"]
[BlackElo "2436"]
[Annotator "NA"]
[PlyCount "88"]
[EventDate "2022.03.17"]
[EventType "tourn"]
[EventCountry "HUN"]
[SourceTitle "playchess.com"]
[Source "ChessBase"]
[SourceQuality "1"]
[TimeControl "40/5400+30:1800+30"]

1. d4 {[%emt 0:00:05]} Nf6 {[%emt 0:00:15]} 2. c4 {[%emt 0:00:17]} e6 {[%emt 0:00:04]} 3. g3 {[%emt 0:00:28]} d5 {[%emt 0:00:07]} 4. Bg2 {[%emt 0:00:19]} Bb4+ {[%emt 0:00:06]} 5. Bd2 {[%emt 0:00:55]} Be7 {[%emt 0:00:04]} 6. Nf3 {[%emt 0:01:31]} O-O {[%emt 0:00:06]} 7. Qc2 {[%emt 0:00:45]} Nbd7 {[%emt 0:00:23]} 8. O-O {[%emt 0:00:31]} c6 {[%emt 0:00:02]} 9. Bf4 {[%emt 0:01:12]} b6 {[%emt 0:00:07]} 10. Nbd2 {[%emt 0:03:20]} Nh5 {[%emt 0:01:03]} 11. Be3 {[%emt 0:00:29]} Bb7 {[%emt 0:01:40]} 12. Ne1 {[%emt 0:05:31]} Rc8 {[%emt 0:09:34]} 13. Nd3 {[%emt 0:11:20]} c5 {[%emt 0:04:06]} 14. dxc5 {[%emt 0:11:29]} bxc5 {[%emt 0:11:01]} 15. Qb3 {[%emt 0:05:59]} Nb6 {[%emt 0:00:44]} 16. Rac1 {[%emt 0:03:16]} d4 {[%emt 0:12:40]} 17. Bxb7 {[%emt 0:01:05]} dxe3 {[%emt 0:00:06]} 18. fxe3 {[%emt 0:00:26]} Rb8 {[%emt 0:00:03]} 19. Bf3 {[%emt 0:00:41]} Bg5 {[%emt 0:00:25]} 20. Rcd1 {[%emt 0:29:25]} Bxe3+ {[%emt 0:13:05]} 21. Kh1 {[%emt 0:00:33]} Bxd2 {[%emt 0:05:00]} 22. Nxc5 {[%emt 0:01:56]} Nd7 {[%emt 0:13:20]} 23. Nb7 {[%emt 0:06:04]} Qg5 {[%emt 0:00:33]} 24. Qb5 {[%emt 0:07:09]} Nhf6 {[%emt 0:01:08]} 25. Qxg5 {[%emt 0:06:45]} Bxg5 {[%emt 0:00:01]} 26. b3 {[%emt 0:00:11]} Ne5 {[%emt 0:00:53]} 27. Nd6 {[%emt 0:00:11]} Be3 {[%emt 0:00:16]} 28. h3 {[%emt 0:00:43]} Rfd8 {[%emt 0:01:02]} 29. Nb7 {[%emt 0:01:27]} Rdc8 {[%emt 0:00:34]} 30. Nd6 {[%emt 0:00:25]} Rc7 {[%emt 0:00:22]} 31. Nb5 {[%emt 0:00:33]} Rd7 {[%emt 0:00:45]} 32. Rxd7 {[%emt 0:00:15]} Nfxd7 {[%emt 0:00:02]} 33. Rd1 {[%emt 0:00:10]} Kf8 {[%emt 0:00:29]} 34. Rd6 {[%emt 0:01:28]} Rb6 {[%emt 0:00:10]} 35. Kg2 {[%emt 0:00:29]} Rxd6 {[%emt 0:00:52]} 36. Nxd6 {[%emt 0:00:07]} Ke7 {[%emt 0:00:16]} 37. Nc8+ {[%emt 0:00:32]} Kd8 {[%emt 0:00:10]} 38. Nd6 {[%emt 0:00:06]} Bc5 {[%emt 0:02:31]} 39. Ne4 {[%emt 0:01:10]} Bb4 {[%emt 0:00:35]} 40. Nf2 {[%emt 0:00:00]} Nc5 {[%emt 0:00:00]} 41. Ba8 {[%emt 0:00:41]} Kc7 {[%emt 0:01:09]} 42. Kf1 {[%emt 0:01:11]} Bd2 {[%emt 0:00:39]} 43. Nd1 {[%emt 0:00:39]} Kb6 {[%emt 0:02:23]} 44. e3 {[%emt 0:00:58]} Ned3 {[%emt 0:01:24]} 0-1

[Event "Vezerkepzo GM March 2022"]
[Site "Budapest"]
[Date "2022.03.25"]
[Round "8.2"]
[White "Prraneeth Vuppala"]
[Black "Rathanvel, V S"]
[Result "1/2-1/2"]
[WhiteElo "2400"]
[BlackElo "2477"]
[Annotator "ChessBase"]
[PlyCount "69"]
[EventDate "2022.03.17"]
[EventType "tourn"]
[EventCountry "HUN"]
[SourceTitle "playchess.com"]
[Source "ChessBase"]
[SourceQuality "1"]
[TimeControl "40/5400+30:1800+30"]

1. d4 {[%emt 0:00:06]} Nf6 {[%emt 0:00:09]} 2. c4 {[%emt 0:00:07]} e6 {[%emt 0:00:14]} 3. Nf3 {[%emt 0:00:16]} d5 {[%emt 0:00:10]} 4. Nc3 {[%emt 0:00:55]} dxc4 {[%emt 0:00:51]} 5. e4 {[%emt 0:00:30]} b5 {[%emt 0:00:19]} 6. e5 {[%emt 0:01:28]} Nd5 {[%emt 0:00:10]} 7. Nxb5 {[%emt 0:00:21]} Nb6 {[%emt 0:00:11]} 8. Be2 {[%emt 0:01:29]} Nc6 {[%emt 0:00:37]} 9. O-O {[%emt 0:01:23]} Be7 {[%emt 0:00:09]} 10. Be3 {[%emt 0:00:10]} O-O {[%emt 0:00:52]} 11. Qc1 {[%emt 0:00:46]} Nb4 {[%emt 0:30:31]} 12. Nc3 {[%emt 0:32:21]} Bb7 {[%emt 0:05:57]} 13. Rd1 {[%emt 0:01:30]} Rc8 {[%emt 0:06:42]} 14. Nd2 {[%emt 0:14:23]} Nd3 {[%emt 0:19:27]} 15. Qb1 {[%emt 0:10:40]} c5 {[%emt 0:07:24]} 16. Nxc4 {[%emt 0:03:28]} Nxc4 {[%emt 0:00:08]} 17. Bxd3 {[%emt 0:00:38]} Nxe3 {[%emt 0:00:08]} 18. fxe3 {[%emt 0:01:15]} Bg5 {[%emt 0:03:28]} 19. Bxh7+ {[%emt 0:13:55]} Kh8 {[%emt 0:00:02]} 20. Be4 {[%emt 0:00:12]} Bxe3+ {[%emt 0:03:08]} 21. Kh1 {[%emt 0:00:03]} Bxe4 {[%emt 0:07:11]} 22. Qxe4 {[%emt 0:00:34]} cxd4 {[%emt 0:00:05]} 23. Nb5 {[%emt 0:01:35]} Rc5 {[%emt 0:03:10]} 24. Nxd4 {[%emt 0:02:54]} Bxd4 {[%emt 0:00:02]} 25. Rxd4 {[%emt 0:00:10]} Qb8 {[%emt 0:00:06]} 26. Rd3 {[%emt 0:07:42]} Rfc8 {[%emt 0:05:01]} 27. Rad1 {[%emt 0:01:25]} Kg8 {[%emt 0:03:07]} 28. Rd6 {[%emt 0:01:02]} Rc1 {[%emt 0:00:27]} 29. Qe2 {[%emt 0:01:49]} R1c2 {[%emt 0:03:20]} 30. Rd8+ {[%emt 0:01:43]} Rxd8 {[%emt 0:00:05]} 31. Rxd8+ {[%emt 0:00:03]} Qxd8 {[%emt 0:00:05]} 32. Qxc2 {[%emt 0:00:03]} Qa5 {[%emt 0:00:28]} 33. Qc8+ {[%emt 0:01:31]} Kh7 {[%emt 0:00:06]} 34. Qc2+ {[%emt 0:00:22]} Kg8 {[%emt 0:00:19]} 35. Qc8+ {[%emt 0:00:35]} 1/2-1/2

[Event "Vezerkepzo GM March 2022"]
[Site "Budapest"]
[Date "2022.03.25"]
[Round "8.3"]
[White "Vantika Agrawal"]
[Black "Kulkarni Bhakti"]
[Result "0-1"]
[WhiteElo "2381"]
[BlackElo "2388"]
[Annotator "NA"]
[PlyCount "110"]
[EventDate "2022.03.17"]
[EventType "tourn"]
[EventCountry "HUN"]
[SourceTitle "playchess.com"]
[Source "ChessBase"]
[SourceQuality "1"]
[TimeControl "40/5400+30:1800+30"]

1. d4 {[%emt 0:00:16]} d5 {[%emt 0:03:07]} 2. c4 {[%emt 0:00:39]} c6 {[%emt 0:00:20]} 3. Nf3 {[%emt 0:01:24]} Nf6 {[%emt 0:00:21]} 4. e3 {[%emt 0:00:52]} Bg4 {[%emt 0:01:08]} 5. h3 {[%emt 0:00:25]} Bxf3 {[%emt 0:00:25]} 6. Qxf3 {[%emt 0:00:08]} e6 {[%emt 0:00:15]} 7. Bd3 {[%emt 0:00:56]} Nbd7 {[%emt 0:01:30]} 8. O-O {[%emt 0:04:42]} Bd6 {[%emt 0:11:23]} 9. Nc3 {[%emt 0:01:03]} O-O {[%emt 0:04:50]} 10. e4 {[%emt 0:06:52]} dxc4 {[%emt 0:09:38]} 11. Bxc4 {[%emt 0:00:29]} e5 {[%emt 0:00:20]} 12. d5 {[%emt 0:00:30]} Nb6 {[%emt 0:05:57]} 13. Bd3 {[%emt 0:01:06]} h6 {[%emt 0:05:09]} 14. dxc6 {[%emt 0:20:36]} bxc6 {[%emt 0:00:03]} 15. Rd1 {[%emt 0:04:03]} Qe7 {[%emt 0:01:01]} 16. Ne2 {[%emt 0:01:22]} Rfd8 {[%emt 0:06:22]} 17. Ng3 {[%emt 0:07:33]} Qe6 {[%emt 0:00:39]} 18. Bc2 {[%emt 0:05:18]} c5 {[%emt 0:01:53]} 19. a4 {[%emt 0:08:06]} Rab8 {[%emt 0:10:30]} 20. a5 {[%emt 0:04:39]} Na8 {[%emt 0:00:35]} 21. Nf5 {[%emt 0:06:24]} Bf8 {[%emt 0:00:11]} 22. Rxd8 {[%emt 0:02:27]} Rxd8 {[%emt 0:00:02]} 23. Ra4 {[%emt 0:07:10]} Rb8 {[%emt 0:06:53]} 24. b3 {[%emt 0:08:27]} Nc7 {[%emt 0:01:09]} 25. Qg3 {[%emt 0:00:44]} Kh7 {[%emt 0:03:43]} 26. Bb2 {[%emt 0:00:41]} Nd7 {[%emt 0:00:21]} 27. f4 {[%emt 0:01:20]} f6 {[%emt 0:02:50]} 28. Nh4 {[%emt 0:03:16]} g5 {[%emt 0:07:20]} 29. fxg5 {[%emt 0:00:39]} fxg5 {[%emt 0:00:38]} 30. Nf5 {[%emt 0:00:38]} Nb5 {[%emt 0:04:59]} 31. Rc4 {[%emt 0:02:16]} Nd6 {[%emt 0:02:57]} 32. Rc3 {[%emt 0:00:31]} Nb5 {[%emt 0:01:31]} 33. Rf3 {[%emt 0:00:55]} Nd4 {[%emt 0:01:04]} 34. Bxd4 {[%emt 0:00:27]} cxd4 {[%emt 0:00:03]} 35. h4 {[%emt 0:00:29]} gxh4 {[%emt 0:03:16]} 36. Qxh4 {[%emt 0:00:23]} Bc5 {[%emt 0:00:52]} 37. Bd3 {[%emt 0:00:38]} Rxb3 {[%emt 0:01:27]} 38. Nxh6 {[%emt 0:00:34]} Qxh6 {[%emt 0:00:45]} 39. Rf7+ {[%emt 0:00:29]} Kg6 {[%emt 0:00:08]} 40. Qg4+ {[%emt 0:00:00]} Kxf7 {[%emt 0:00:00]} 41. Qxd7+ {[%emt 0:02:36]} Kf6 {[%emt 0:13:22]} 42. Qc6+ {[%emt 0:07:33]} Kg5 {[%emt 0:01:57]} 43. Qxc5 {[%emt 0:00:39]} Qf6 {[%emt 0:08:25]} 44. Qc4 {[%emt 0:01:38]} Rc3 {[%emt 0:00:26]} 45. Qg8+ {[%emt 0:01:07]} Kh6 {[%emt 0:00:19]} 46. g3 {[%emt 0:16:13]} Rxd3 {[%emt 0:00:22]} 47. Qg4 {[%emt 0:00:00]} Rxg3+ {[%emt 0:03:11]} 48. Qxg3 {[%emt 0:00:16]} Qg5 {[%emt 0:00:10]} 49. Kf2 {[%emt 0:00:54]} Qxg3+ {[%emt 0:00:12]} 50. Kxg3 {[%emt 0:00:03]} a6 {[%emt 0:00:13]} 51. Kg4 {[%emt 0:01:19]} Kg6 {[%emt 0:00:03]} 52. Kf3 {[%emt 0:00:15]} Kh5 {[%emt 0:00:05]} 53. Kg3 {[%emt 0:00:28]} Kg5 {[%emt 0:00:05]} 54. Kf3 {[%emt 0:00:03]} Kh4 {[%emt 0:00:05]} 55. Ke2 {[%emt 0:00:49]} Kg3 {[%emt 0:00:08]} 0-1

[Event "Vezerkepzo GM March 2022"]
[Site "Budapest"]
[Date "2022.03.25"]
[Round "8.4"]
[White "Varga, Zoltan"]
[Black "Seres, Lajos"]
[Result "1/2-1/2"]
[WhiteElo "2390"]
[BlackElo "2387"]
[Annotator "TA"]
[PlyCount "44"]
[EventDate "2022.03.17"]
[EventType "tourn"]
[EventCountry "HUN"]
[SourceTitle "playchess.com"]
[Source "ChessBase"]
[SourceQuality "1"]

{[%evp 18,19,21,-16]} 1. d4 d5 2. c4 c6 3. Nf3 Nf6 4. cxd5 cxd5 5. Nc3 Nc6 6. Bf4 Nh5 7. Bd2 Nf6 8. Bg5 Nh5 9. Bd2 Nf6 10. Bg5 {[#]} {Predecessor:} a6 $146 {D51: Queen's Gambit Declined: 4 Bg5 Nbd7 sidelines.} 11. e3 e6 12. Bd3 Be7 13. O-O O-O 14. Ne5 Nxe5 15. dxe5 Nd7 16. Bxe7 Qxe7 17. f4 g6 18. Rf3 Nc5 19. Bc2 b5 20. Rh3 Bb7 21. Ne2 Ne4 22. Bxe4 dxe4 {½-½ (58) Smirnov,A (2600)-Tabatabaei,M (2613) Chess.com INT 2021} 1/2-1/2

[Event "Vezerkepzo GM March 2022"]
[Site "Budapest"]
[Date "2022.03.26"]
[Round "9.1"]
[White "Csiki, Endre"]
[Black "Ilincic, Zlatko"]
[Result "1/2-1/2"]
[WhiteElo "2320"]
[BlackElo "2331"]
[Annotator "TA"]
[PlyCount "25"]
[EventDate "2022.03.17"]
[EventType "tourn"]
[EventCountry "HUN"]
[SourceTitle "playchess.com"]
[Source "ChessBase"]
[SourceQuality "1"]

{[%evp 24,25,23,0]} 1. Nf3 Nf6 2. g3 g6 3. Bg2 Bg7 4. O-O O-O 5. d4 d5 6. c4 c6 7. cxd5 cxd5 8. Nc3 Nc6 9. Bg5 Nh5 10. Be3 Nf6 11. Bf4 {[#]} Nh5 $146 ({Predecessor:} 11... Ne4 12. Ne5 Nxc3 13. bxc3 Nxe5 14. Bxe5 Bxe5 15. dxe5 Be6 16. Qd4 Qc7 17. Rfd1 Rfd8 18. a4 b6 19. Ra3 Rac8 20. h4 Qb8 21. Qe3 {½-½ (49) Martirosyan,H (2633)-Dubov,D (2720) Chess.com INT 2022}) 12. Be3 Nf6 13. Bf4 1/2-1/2

[Event "Vezerkepzo GM March 2022"]
[Site "Budapest"]
[Date "2022.03.26"]
[Round "9.3"]
[White "Kulkarni Bhakti"]
[Black "Varga, Zoltan"]
[Result "0-1"]
[WhiteElo "2388"]
[BlackElo "2390"]
[Annotator "ChessBase"]
[PlyCount "86"]
[EventDate "2022.03.17"]
[EventType "tourn"]
[EventCountry "HUN"]
[SourceTitle "playchess.com"]
[Source "ChessBase"]
[SourceQuality "1"]
[TimeControl "40/5400+30:1800+30"]

1. d4 {[%emt 0:04:22]} d5 {[%emt 0:01:54]} 2. Nf3 {[%emt 0:00:38]} c6 {[%emt 0:00:06]} 3. e3 {[%emt 0:01:11]} Bf5 {[%emt 0:01:30]} 4. c4 {[%emt 0:03:24]} e6 {[%emt 0:00:07]} 5. Nc3 {[%emt 0:00:18]} Nd7 {[%emt 0:00:26]} 6. Bd3 {[%emt 0:10:51]} Bxd3 {[%emt 0:02:29]} 7. Qxd3 {[%emt 0:00:03]} Bb4 {[%emt 0:00:07]} 8. O-O {[%emt 0:00:26]} Ngf6 {[%emt 0:00:06]} 9. Bd2 {[%emt 0:01:01]} Bxc3 {[%emt 0:00:11]} 10. Bxc3 {[%emt 0:00:35]} O-O {[%emt 0:00:07]} 11. Nd2 {[%emt 0:01:10]} c5 {[%emt 0:03:49]} 12. dxc5 {[%emt 0:02:21]} Nxc5 {[%emt 0:00:35]} 13. Qd4 {[%emt 0:02:43]} Rc8 {[%emt 0:03:14]} 14. Rfd1 {[%emt 0:03:00]} b6 {[%emt 0:15:07]} 15. Qf4 {[%emt 0:17:10]} Nd3 {[%emt 0:08:59]} 16. Qf3 {[%emt 0:21:30]} dxc4 {[%emt 0:02:40]} 17. Nxc4 {[%emt 0:01:00]} Rxc4 {[%emt 0:01:25]} 18. Qe2 {[%emt 0:00:13]} Ne4 {[%emt 0:01:55]} 19. Be1 {[%emt 0:02:43]} Nec5 {[%emt 0:04:57]} 20. b4 {[%emt 0:00:51]} Qh4 {[%emt 0:02:32]} 21. f4 {[%emt 0:05:18]} Nxe1 {[%emt 0:00:14]} 22. Qxc4 {[%emt 0:00:35]} Ncd3 {[%emt 0:09:44]} 23. Rd2 {[%emt 0:02:22]} Qg4 {[%emt 0:07:15]} 24. Qe4 {[%emt 0:01:35]} e5 {[%emt 0:02:49]} 25. a4 {[%emt 0:03:59]} exf4 {[%emt 0:12:53]} 26. exf4 {[%emt 0:00:29]} Qe6 {[%emt 0:01:35]} 27. Re2 {[%emt 0:02:29]} Qxe4 {[%emt 0:04:45]} 28. Rxe4 {[%emt 0:00:02]} Nc2 {[%emt 0:00:04]} 29. Rd1 {[%emt 0:02:37]} Ncxb4 {[%emt 0:04:11]} 30. Re7 {[%emt 0:00:38]} a5 {[%emt 0:01:24]} 31. Rb7 {[%emt 0:04:32]} Nb2 {[%emt 0:01:46]} 32. Ra1 {[%emt 0:00:27]} Nd5 {[%emt 0:00:29]} 33. g3 {[%emt 0:00:46]} g6 {[%emt 0:00:57]} 34. Ra2 {[%emt 0:00:32]} Nd3 {[%emt 0:00:43]} 35. Rd2 {[%emt 0:03:11]} Nc5 {[%emt 0:00:33]} 36. Ra7 {[%emt 0:00:03]} Nc3 {[%emt 0:02:00]} 37. Rd6 {[%emt 0:00:11]} N5xa4 {[%emt 0:01:43]} 38. Rc6 {[%emt 0:00:59]} Ne4 {[%emt 0:02:34]} 39. Kg2 {[%emt 0:00:39]} Nec5 {[%emt 0:01:22]} 40. f5 {[%emt 0:00:00]} gxf5 {[%emt 0:00:00]} 41. Rf6 {[%emt 0:00:32]} Ne6 {[%emt 0:01:41]} 42. Rxf5 {[%emt 0:00:14]} Nac5 {[%emt 0:00:02]} 43. g4 {[%emt 0:00:43]} a4 {[%emt 0:02:51]} 0-1

[Event "Vezerkepzo GM March 2022"]
[Site "Budapest"]
[Date "2022.03.26"]
[Round "9.4"]
[White "Rathanvel, V S"]
[Black "Vantika Agrawal"]
[Result "1/2-1/2"]
[WhiteElo "2477"]
[BlackElo "2381"]
[Annotator "TA"]
[PlyCount "58"]
[EventDate "2022.03.17"]
[EventType "tourn"]
[EventCountry "HUN"]
[SourceTitle "playchess.com"]
[Source "ChessBase"]
[SourceQuality "1"]

{[%evp 11,58,5,9,6,12,0,0,0,0,0,0,0,-18,-14,13,0,0,0,0,27,13,-40,0,-27,26,-35,-39,-45,0,-201,-212,-210,-203,-200,-207,-203,-206,-195,0,0,0,-8,8,0,0,-8,8,0,0]} 1. e4 c5 2. Nf3 d6 3. d4 cxd4 4. Nxd4 Nf6 5. Nc3 a6 6. h3 e5 {6...e5 scores better than 6...e6.} 7. Nf3 {B90: Sicilian Najdorf: Unusual White 6th moves, 6 Be3 Ng4 and 6 Be3 e5.} Be7 8. g4 h6 9. Rg1 b5 10. g5 hxg5 11. Nxg5 Bb7 12. Be3 {[#]} Nc6 $146 ({Predecessor:} 12... Nbd7 13. a4 b4 14. Bc4 Rf8 15. Nd5 Rc8 16. Qe2 Bxd5 17. exd5 Qa5 18. Bxa6 Rc7 {0-1 (35) Pfatteicher,L (2212)-Papadiamandis,E (2404) Baden Baden 2021}) 13. a4 Qc8 14. axb5 axb5 15. Rxa8 Qxa8 16. Nd5 (16. Nxb5 $11 O-O 17. f3 (17. Nxd6 Bxd6 18. Qxd6 Qa1+ 19. Qd1 Qxb2 $11)) 16... Bd8 {[%cal Oc6d4]} (16... Kf8 $5 {[%cal Rf6d5]}) 17. c3 Qa2 (17... Nxd5 $142 18. exd5 Ne7) 18. b4 (18. Bc1 $11) 18... Nxd5 $15 19. exd5 Bxg5 (19... Ne7 $1 $15 {deserves consideration.}) 20. dxc6 $2 (20. Bxg5 $11 Ne7 21. Bxb5+ Kf8 22. Bxe7+ Kxe7 23. Qg4 (23. Rxg7 $2 Rxh3 24. Bf1 Rxc3 $19) 23... Qxd5 24. Qg5+ (24. Bc4 Qe4+ 25. Kd2 Qxg4 $11) 24... Ke6 25. Qg4+ Ke7 26. Qg5+ (26. Bc4 Qe4+ 27. Kd2 Qxg4 $15) 26... Ke6 27. Qg4+ Ke7) 20... Bxe3 $19 21. fxe3 Bxc6 22. Qxd6 {[#]} Rh6 $1 23. Qxe5+ ({Don't blunder} 23. Qb8+ $2 Kd7 24. Qxe5 (24. Bxb5 $2 Qb1+ 25. Kd2 Qb2+ 26. Kd1 Rd6+ 27. Qxd6+ Kxd6 $19) 24... Qb1+ 25. Ke2 Rd6 $19) 23... Re6 24. Qd4 ({Avoid the trap} 24. Qb8+ $2 Kd7 25. Qf4 (25. Bxb5 {is a self mate.} Rxe3+ 26. Kd1 Qa1+ 27. Kd2 Qxc3+ 28. Kd1 Qd4+) 25... Qb1+ 26. Kf2 Rf6 27. Qxf6 gxf6 $19) 24... Rf6 $2 (24... Qa1+ $19 25. Ke2 Qb2+ 26. Ke1 Qc1+ 27. Ke2 Rf6) 25. Be2 $11 {Chess con chili. The position is equal.} Qb1+ 26. Qd1 $132 {[%mdl 2048] White is fighting back} Qe4 {[#] White must now prevent ...Qh4+.} (26... Qf5 $5 27. Rf1 Qe5 28. Rxf6 Qxc3+ 29. Qd2 Qa1+ 30. Qd1 Qxf6 $11) 27. Qd4 Qb1+ 28. Qd1 Qe4 {aiming for ...Qh4+.} (28... Qf5 $5 29. Rf1 Qe5 30. Rxf6 Qxc3+ 31. Qd2 Qa1+ 32. Qd1 Qc3+ 33. Qd2 Qxf6 $11) 29. Qd4 Qb1+ {Weighted Error Value: White=0.28 (precise) /Black=0.20 (precise)} 1/2-1/2